Coordination effectiveness during public health emergencies: An institutional collective action framework (Record no. 518868)
[ view plain ]
| 000 -LEADER | |
|---|---|
| fixed length control field | 01416nam a22001577a 4500 |
| 008 - FIXED-LENGTH DATA ELEMENTS--GENERAL INFORMATION | |
| fixed length control field | 211217b ||||| |||| 00| 0 eng d |
| 100 ## - MAIN ENTRY--PERSONAL NAME | |
| Personal name | Soujaa, I., Nukpezah, J.A. and Benavides, A.D. |
| 245 ## - TITLE STATEMENT | |
| Title | Coordination effectiveness during public health emergencies: An institutional collective action framework |
| 260 ## - PUBLICATION, DISTRIBUTION, ETC. (IMPRINT) | |
| Place of publication, distribution, etc | Administration & Society |
| 300 ## - PHYSICAL DESCRIPTION | |
| Extent | 53(7), Aug, 2021: p.1014-1045 |
| 520 ## - SUMMARY, ETC. | |
| Summary, etc | This article draws on the institutional collective action (ICA) framework and data from a survey of senior public health and emergency management professionals in the Dallas–Fort Worth metroplex following the Ebola outbreak to investigate coordination effectiveness during public health emergencies. Based on the study findings, the article recommends that having an identifiable lead agency, official statements from local authorities, a conducive environment for informal conversations, and communication activities that inform, connect, and involve professionals is essential for an effective coordination. Practical implications of the study extend to how to mitigate collective action dilemmas with regard to coordinating COVID-19 pandemic responses. – Reproduced |
| 650 ## - SUBJECT ADDED ENTRY--TOPICAL TERM | |
| Topical term or geographic name as entry element | Public health emergencies, Coordination, Ebola, Coronavirus disease, COVID-19, Institutional collective action framework |
| 9 (RLIN) | 28862 |
| 773 ## - HOST ITEM ENTRY | |
| Main entry heading | Administration & Society |
| 906 ## - LOCAL DATA ELEMENT F, LDF (RLIN) | |
| Subject DIP | PUBLIC HEALTH |
| 942 ## - ADDED ENTRY ELEMENTS (KOHA) | |
| Item type | Articles |
No items available.
